京广高铁设站的所有地级和县级行政区 - Statistics

General Stats
  • This quiz has been taken 14 times
  • The average score is 39 of 60
Answer Stats
Answer % Correct
北京市
100%
丰台区
91%
保定市
91%
石家庄市
91%
岳阳市
91%
长沙市
91%
广州市
91%
正定县
82%
邯郸市
82%
安阳市
82%
安阳县
82%
新乡市
82%
郑州市
82%
驻马店市
82%
信阳市
82%
武汉市
82%
咸宁市
82%
株洲市
82%
郴州市
82%
清远市
82%
涿州市
73%
高碑店市
73%
邢台市
73%
鹤壁市
73%
许昌市
73%
孝感市
73%
衡阳市
73%
衡山县
73%
韶关市
73%
定州市
64%
高邑县
64%
漯河市
64%
赤壁市
64%
岳阳楼区
64%
汨罗市
64%
耒阳市
64%
花都区
64%
番禺区
64%
桥西区
55%
红旗区
55%
金水区
55%
大悟县
55%
咸安区
55%
雨花区
55%
乐昌市
55%
英德市
55%
丛台区
45%
源汇区
45%
驿城区
45%
洪山区
45%
珠晖区
45%
北湖区
45%
清城区
45%
淇滨区
36%
建安区
36%
平桥区
36%
天元区
36%
武江区
36%
清苑区
27%
襄都区
27%
No matching quizzes found
Score Distribution
Percent of People with Each Score
Percentile by Number Answered
Your Score History
You have not taken this quiz